Focus sur: Mykew Gregorovitch - Harry Potter - Statistiques

Statistiques générales
  • Ce quiz a été pris 57 fois
  • Le résultat moyen est 4 sur 6
Statistiques - réponses
Informations recherchées Réponses % Correct
Ecole fréquentée Durmstrang
96%
Profession Fabricant de baguettes
96%
Première mention Harry Potter et la Coupe de Feu
93%
Intérieur de la baguette Crin de Sombral
51%
Bois de la baguette Sureau
51%
Acteur l'interprétant dans les films Rade Serbedzija
24%
Aucun quiz correspondant
Distribution des résultats
% des personnes avec chaque résultat
Percentile par nombre de réponses
Votre historique - résultats
Vous n’avez pas pris ce quiz